• 首页
  • 本馆介绍
  • 公告通知
  • 最新文献
  • 馆藏检索
  • 电子资源
  • 读者导购
  • 参考咨询
  • 我的图书馆
  • 登录
  • 详细信息显示
  • 放入我的书架
  • 预约/预借图书
  • 作者相关作品
  • 分类相关作品
  • 丛书相关作品
  • 出版社相关作品

书目信息

  • 表格格式
  • 工作单格式
  • 卡片格式
题名:
游泳运动
    
 
作者: ;全国体育院校教材委员会 审定
分册:  
出版信息: 北京   人民体育出版社  2001
页数: 517页
开本: 26cm
丛书名:
单 册:
中图分类: G861.1
科图分类:
主题词: 游泳--you yong--高等学校--教材
电子资源:
ISBN: 978-7-5009-2195-0
000 00806nam0 2200253 450
001 012001002467
005 20140202151648.0
010    @a978-7-5009-2195-0@dCNY65.00
099    @aCAL 012002223526
100    @a20220905d2001 em y0chiy0121 ea
101 0  @achi
102    @aCN@b110000
105    @aa a 000yy
106    @ar
200 1  @a游泳运动@Ayou yong yun dong@f全国体育院校教材委员会审定
210    @a北京@c人民体育出版社@d2001
215    @a517页@c图@d26cm
320    @a有书目 (第509-512页)
333    @a体育院校通用教材
606 0  @a游泳@Ayou yong@x高等学校@j教材
690    @aG861.1@v4
711 02 @a全国体育院校教材委员会@AQuan guo ti yu yuan xiao jiao cai wei yuan hui@4审定@3CAL n2005306526#@7jt0yjt0y@7ec0yec0y
801  0 @aCN@bAHXH@c20221111
905    @b1368178-82@dG861.1@e107@f5
    
    游泳运动/全国体育院校教材委员会审定.-北京:人民体育出版社,2001
    517页:图;26cm
    使用对象:体育院校通用教材
    
    ISBN 978-7-5009-2195-0:CNY65.00
    
●
相关链接 在E读中查询图书 在五车中查询图书 在当当中查询图书 在豆瓣中查询图书


正题名:游泳运动     索取号:G861.1/107         预约/预借

序号 登录号 条形码 馆藏地/架位号 状态 备注
1 1368178   213681782   第一样本阅览室/ [索取号:G861.1/107] 在馆    
2 1368179   213681791   教育系资料室/ [索取号:G861.1/107] 在馆    
3 1368180   213681808   教育系资料室/ [索取号:G861.1/107] 在馆    
4 1368181   213681817   第四借阅区/ [索取号:G861.1/107] 在馆    
5 1368182   213681826   第四借阅区/ [索取号:G861.1/107] 在馆    
唐山师范学院图书馆 欢迎您!
大连网信软件有限公司© 版权所有